00641nam a2200157Ia 4500008004100000041001200041082001200053100005900065245006800124260006600192300001300258536004600271942000700317999001700324952014200341211220s9999 xx 000 0 eng d aEnglish aRP.0338 aPoornima, NithyauSampurna Montfort CollegevBangalore 0aMental health of mental health professionals /cNithya Poornima aNew Delhi :bIndian Council oF Social Science Research,c2015 ax, 189p. aIndian Council of Social Science Research cRP c27196d27196 00102ddc40718MIRPaNASSDOCbNASSDOCd2021-12-10eGifted by: RP Division ICSSRl0oRP.0338p51851r2021-12-20 00:00:00w2021-12-20yRP